Statistics for Countries A-Z (Highest GDP)

Click here to take the quiz!

General Stats

  • This quiz has been taken 635 times
  • The average score is 20 of 24

Answer Stats

GDPCountry% Correct
U20,289,987United States
98%
C27,804,953China
96%
F2,860,018France
95%
G4,160,925Germany
95%
J5,451,452Japan
95%
I11,321,280India
94%
Q345,455Qatar
93%
B3,316,920Brazil
92%
R4,176,350Russia
92%
Y70,414Yemen
91%
Z73,662Zambia
91%
O200,203Oman
90%
A1,279,361Australia
88%
D300,621Denmark
88%
H327,410Hungary
79%
V1,035,051Vietnam
79%
T2,257,987Turkey
75%
M2,458,339Mexico
74%
P1,236,132Poland
73%
S2,307,718South Korea
73%
E1,427,432Egypt
66%
K530,646Kazakhstan
66%
N1,181,399Nigeria
61%
L95,286Lithuania
41%

Score Distribution

Percentile by Number Answered

Percent of People with Each Score

Your Score History

You have not taken this quiz